Statistics for Every Ellie Goulding Song on the Billboard Hot 100

Click here to take the quiz!

General Stats

  • This quiz has been taken 81 times
    (63 since last reset)
  • The average score is 7 of 14

Answer Stats

#YearSong% Correct
132013Burn
90%
32015Love Me Like You Do
88%
22012Lights
83%
132015On My Mind
65%
292015Outside (Calvin Harris)
60%
562019Hate Me (Juice WRLD)
58%
242019Close To Me (Diplo) ft. Swae Lee
56%
162013I Need Your Love (Calvin Harris)
50%
472012Anything Could Happen
42%
432016Something In The Way You Move
40%
672017First Time (Kygo)
27%
1002014Explosions
23%
832015Powerful (Major Lazer) ft. Tarrus Riley
23%
882014Beating Heart
21%

Score Distribution

Percentile by Number Answered

Percent of People with Each Score

Your Score History

You have not taken this quiz since the last reset